UFC: World MMA Awards Fight of the Year - Statistics

General Stats
  • This quiz has been taken 1,585 times
    963 since last reset
  • The average score is 14 of 32
Answer Stats
Year Event Result Country Answer % Correct
2024 UFC 300 KO (punch) USA Max Holloway
95%
2024 UFC 300 KO (punch) USA Justin Gaethje
90%
2017 UFC 218 KO (knee) USA Justin Gaethje
90%
2023 UFC 284 Decision (unanimous) AUS Alexander Volkanovski
83%
2023 UFC 284 Decision (unanimous) RUS Islam Makhachev
81%
2022 UFC 274 Submission (rear-naked choke) CZE Jiří Procházka
75%
2021 UFC 256 Draw (majority) MEX Brandon Moreno
65%
2013 UFC 165 Decision (unanimous) USA Jon Jones
62%
2022 UFC 274 Submission (rear-naked choke) BRA Glover Teixeira
61%
2019 UFC 248 Decision (split) CHN Zhang Weili
55%
2021 UFC 256 Draw (majority) BRA Deiveson Figueiredo
53%
2013 UFC 165 Decision (unanimous) SWE Alexander Gustafsson
50%
2018 UFC 229 TKO (corner stoppage) USA Tony Ferguson
49%
2010 UFC 117 Submission (triangle armbar) BRA Anderson Silva
46%
2019 UFC 248 Decision (split) POL Joanna Jędrzejczyk
46%
2017 UFC 218 KO (knee) USA Eddie Alvarez
44%
2008 UFC 79 Decision (unanimous) BRA Wanderlei Silva
43%
2018 UFC 229 TKO (corner stoppage) USA Anthony Pettis
42%
2010 UFC 117 Submission (triangle armbar) USA Chael Sonnen
37%
2015 UFC 189 TKO (punches) USA Robbie Lawler
36%
2015 UFC 189 TKO (punches) CAN Rory MacDonald
35%
2014 UFC 179 Decision (unanimous) BRA José Aldo
32%
2016 UFC 206 Decision (unanimous) KOR Doo Ho Choi
24%
2016 UFC 206 Decision (unanimous) USA Cub Swanson
22%
2008 UFC 79 Decision (unanimous) USA Chuck Liddell
21%
2014 UFC 179 Decision (unanimous) USA Chad Mendes
20%
2011 UFC 125 Draw (Split) USA Frankie Edgar
15%
2009 TUF 9 Finale Decision (Split) USA Clay Guida
10%
2009 TUF 9 Finale Decision (Split) USA Diego Sanchez
10%
2011 UFC 125 Draw (Split) USA Gray Maynard
10%
2012 UFC on Fox 4 Submission (triangle choke) USA Joe Lauzon
5%
2012 UFC on Fox 4 Submission (triangle choke) USA Jamie Varner
4%
No matching quizzes found
Score Distribution
Percent of People with Each Score
Percentile by Number Answered
Your Score History
You have not taken this quiz since the last reset